<?xml version="1.0" encoding="UTF-8"?>
<record
    xmlns:xsi="http://www.w3.org/2001/XMLSchema-instance"
    xsi:schemaLocation="http://www.loc.gov/MARC21/slim http://www.loc.gov/standards/marcxml/schema/MARC21slim.xsd"
    xmlns="http://www.loc.gov/MARC21/slim">

  <leader>02005nam0a22003851  4500</leader>
  <controlfield tag="001">v19\rc\1843609</controlfield>
  <controlfield tag="005">20260405070741.0</controlfield>
  <datafield tag="035" ind1=" " ind2=" ">
    <subfield code="a">(NLR Aleph) 005258125</subfield>
  </datafield>
  <datafield tag="090" ind1=" " ind2=" ">
    <subfield code="a">5873352</subfield>
    <subfield code="c">5873352</subfield>
  </datafield>
  <datafield tag="100" ind1=" " ind2=" ">
    <subfield code="a">20071224e19081909|||y0rusy50      ca</subfield>
  </datafield>
  <datafield tag="101" ind1="0" ind2=" ">
    <subfield code="a">rus</subfield>
  </datafield>
  <datafield tag="102" ind1=" " ind2=" ">
    <subfield code="a">RU</subfield>
  </datafield>
  <datafield tag="105" ind1=" " ind2=" ">
    <subfield code="a">y   z   |||||</subfield>
  </datafield>
  <datafield tag="135" ind1=" " ind2=" ">
    <subfield code="a">crmn mmmaaada</subfield>
  </datafield>
  <datafield tag="200" ind1="1" ind2=" ">
    <subfield code="a">&#x41F;&#x430;&#x440;&#x442;&#x438;&#x437;&#x430;&#x43D;-&#x43F;&#x43E;&#x44D;&#x442; &#x414;.&#x412;. &#x414;&#x430;&#x432;&#x44B;&#x434;&#x43E;&#x432; &#x438; &#x435;&#x433;&#x43E; &#x430;&#x440;&#x445;&#x438;&#x432;</subfield>
    <subfield code="f">&#x41C;.&#x410;. &#x422;&#x440;&#x443;&#x43D;&#x43E;&#x432;&#x430;</subfield>
  </datafield>
  <datafield tag="210" ind1=" " ind2=" ">
    <subfield code="a">&#x421;&#x430;&#x43D;&#x43A;&#x442;-&#x41F;&#x435;&#x442;&#x435;&#x440;&#x431;&#x443;&#x440;&#x433;</subfield>
    <subfield code="c">&#x442;&#x438;&#x43F;. &#x413;&#x43B;. &#x443;&#x43F;&#x440;. &#x443;&#x434;&#x435;&#x43B;&#x43E;&#x432;</subfield>
    <subfield code="d">1908</subfield>
  </datafield>
  <datafield tag="215" ind1=" " ind2=" ">
    <subfield code="a">[2], 14 &#x441;.</subfield>
    <subfield code="d">27</subfield>
  </datafield>
  <datafield tag="311" ind1=" " ind2=" ">
    <subfield code="a">&#x41E;&#x442;&#x442;. &#x438;&#x437; "&#x412;&#x435;&#x441;&#x442;&#x43D;. &#x430;&#x440;&#x445;&#x435;&#x43E;&#x43B;&#x43E;&#x433;&#x438;&#x438; &#x438; &#x438;&#x441;&#x442;&#x43E;&#x440;&#x438;&#x438;". 1909, &#x432;&#x44B;&#x43F;. 18</subfield>
  </datafield>
  <datafield tag="316" ind1=" " ind2=" ">
    <subfield code="a">&#x42D;&#x43A;&#x437;. &#x420;&#x41D;&#x411; (37.56.5.435): &#x441; &#x430;&#x432;&#x442;&#x43E;&#x433;&#x440;. &#x430;&#x432;&#x442;.</subfield>
    <subfield code="5">NLR: 37.56.5.435</subfield>
  </datafield>
  <datafield tag="325" ind1=" " ind2=" ">
    <subfield code="a">&#x41A;&#x43E;&#x43F;&#x438;&#x44F; &#x434;&#x43E;&#x441;&#x442;&#x443;&#x43F;&#x43D;&#x430; &#x432; &#x42D;&#x43B;&#x435;&#x43A;&#x442;&#x440;&#x43E;&#x43D;. &#x431;-&#x43A;&#x435; &#x420;&#x41D;&#x411; http://vivaldi.nlr.ru/bx000022874/view</subfield>
  </datafield>
  <datafield tag="488" ind1=" " ind2="0">
    <subfield code="1">2001#$a&#x412;&#x435;&#x441;&#x442;&#x43D;&#x438;&#x43A; &#x430;&#x440;&#x445;&#x435;&#x43E;&#x43B;&#x43E;&#x433;&#x438;&#x438; &#x438; &#x438;&#x441;&#x442;&#x43E;&#x440;&#x438;&#x438;$v1909, &#x432;&#x44B;&#x43F;. 18</subfield>
    <subfield code="t">&#x412;&#x435;&#x441;&#x442;&#x43D;&#x438;&#x43A; &#x430;&#x440;&#x445;&#x435;&#x43E;&#x43B;&#x43E;&#x433;&#x438;&#x438; &#x438; &#x438;&#x441;&#x442;&#x43E;&#x440;&#x438;&#x438;</subfield>
  </datafield>
  <datafield tag="532" ind1="1" ind2="0">
    <subfield code="a">&#x41F;&#x430;&#x440;&#x442;&#x438;&#x437;&#x430;&#x43D;-&#x43F;&#x43E;&#x44D;&#x442; &#x414;&#x435;&#x43D;&#x438;&#x441; &#x412;&#x430;&#x441;&#x438;&#x43B;&#x44C;&#x435;&#x432;&#x438;&#x447; &#x414;&#x430;&#x432;&#x44B;&#x434;&#x43E;&#x432; &#x438; &#x435;&#x433;&#x43E; &#x430;&#x440;&#x445;&#x438;&#x432;</subfield>
  </datafield>
  <datafield tag="700" ind1=" " ind2="1">
    <subfield code="a">&#x422;&#x440;&#x443;&#x43D;&#x43E;&#x432;&#x430;</subfield>
    <subfield code="b">&#x41C;.&#x410;.</subfield>
    <subfield code="g">&#x41C;&#x430;&#x440;&#x438;&#x44F; &#x410;&#x43B;&#x435;&#x43A;&#x441;&#x435;&#x435;&#x432;&#x43D;&#x430;</subfield>
  </datafield>
  <datafield tag="702" ind1=" " ind2="1">
    <subfield code="4">570</subfield>
    <subfield code="8">rus</subfield>
    <subfield code="7">ca</subfield>
    <subfield code="a">&#x414;&#x430;&#x432;&#x44B;&#x434;&#x43E;&#x432;</subfield>
    <subfield code="b">&#x414;. &#x412;.</subfield>
    <subfield code="c">&#x43F;&#x43E;&#x44D;&#x442;</subfield>
    <subfield code="f">1784-1839</subfield>
    <subfield code="g">&#x414;&#x435;&#x43D;&#x438;&#x441; &#x412;&#x430;&#x441;&#x438;&#x43B;&#x44C;&#x435;&#x432;&#x438;&#x447;</subfield>
    <subfield code="3">RU\NLR\AUTH\7717131</subfield>
    <subfield code="9">221</subfield>
  </datafield>
  <datafield tag="801" ind1=" " ind2="0">
    <subfield code="a">RU</subfield>
    <subfield code="b">NLR</subfield>
    <subfield code="c">20071224</subfield>
    <subfield code="g">psbo</subfield>
  </datafield>
  <datafield tag="801" ind1=" " ind2="0">
    <subfield code="a">RU</subfield>
    <subfield code="b">RuMoRGB</subfield>
    <subfield code="c">20071224</subfield>
    <subfield code="2">psbo</subfield>
  </datafield>
  <datafield tag="801" ind1=" " ind2="1">
    <subfield code="a">RU</subfield>
    <subfield code="b">ProSoft-M</subfield>
    <subfield code="c">20071224</subfield>
    <subfield code="2">rusmarc</subfield>
  </datafield>
  <datafield tag="801" ind1=" " ind2="2">
    <subfield code="a">RU</subfield>
    <subfield code="b">NLR</subfield>
    <subfield code="c">20100429</subfield>
    <subfield code="2">rusmarc</subfield>
  </datafield>
  <datafield tag="852" ind1=" " ind2=" ">
    <subfield code="a">NLR</subfield>
    <subfield code="j">37.56.5.435</subfield>
  </datafield>
  <datafield tag="942" ind1=" " ind2=" ">
    <subfield code="c">BOOK</subfield>
  </datafield>
  <datafield tag="980" ind1=" " ind2=" ">
    <subfield code="a">NB</subfield>
  </datafield>
  <datafield tag="981" ind1="2" ind2="2">
    <subfield code="a">(22) &#x41C;&#x430;&#x442;&#x435;&#x440;&#x438;&#x430;&#x43B;&#x44B; &#x43F;&#x43E; &#x438;&#x441;&#x442;&#x43E;&#x440;&#x438;&#x438; &#x420;&#x43E;&#x441;&#x441;&#x438;&#x438;</subfield>
    <subfield code="b">(22) &#x41E;&#x442;&#x435;&#x447;&#x435;&#x441;&#x442;&#x432;&#x435;&#x43D;&#x43D;&#x430;&#x44F; &#x432;&#x43E;&#x439;&#x43D;&#x430; 1812 &#x433;&#x43E;&#x434;&#x430;</subfield>
  </datafield>
  <datafield tag="981" ind1="2" ind2="2">
    <subfield code="a">(22) &#x41C;&#x430;&#x442;&#x435;&#x440;&#x438;&#x430;&#x43B;&#x44B; &#x43F;&#x43E; &#x438;&#x441;&#x442;&#x43E;&#x440;&#x438;&#x438; &#x420;&#x43E;&#x441;&#x441;&#x438;&#x438;</subfield>
    <subfield code="b">(22) &#x418;&#x441;&#x442;&#x43E;&#x440;&#x438;&#x44F; &#x420;&#x43E;&#x441;&#x441;&#x438;&#x438; &#x434;&#x43E; 25 &#x43E;&#x43A;&#x442;&#x44F;&#x431;&#x440;&#x44F; (7 &#x43D;&#x43E;&#x44F;&#x431;&#x440;&#x44F;) 1917 &#x433;&#x43E;&#x434;&#x430;</subfield>
  </datafield>
  <datafield tag="981" ind1="2" ind2="2">
    <subfield code="a">(22) &#x41C;&#x430;&#x442;&#x435;&#x440;&#x438;&#x430;&#x43B;&#x44B; &#x43F;&#x43E; &#x438;&#x441;&#x442;&#x43E;&#x440;&#x438;&#x438; &#x420;&#x43E;&#x441;&#x441;&#x438;&#x438;</subfield>
    <subfield code="b">(22) &#x412;&#x43E;&#x435;&#x43D;&#x43D;&#x43E;&#x435; &#x434;&#x435;&#x43B;&#x43E;</subfield>
  </datafield>
  <datafield tag="995" ind1=" " ind2=" ">
    <subfield code="5">2013-10-26</subfield>
    <subfield code="b">NLR02</subfield>
    <subfield code="c">NLR02</subfield>
    <subfield code="e">RFS</subfield>
    <subfield code="f">5258125-10</subfield>
    <subfield code="k">37.56.5.435</subfield>
    <subfield code="o">0</subfield>
    <subfield code="r">BOOK</subfield>
    <subfield code="s">37565435_</subfield>
  </datafield>
</record>
